00189nam a2200085Ia 4500008004100000100001700041245002800058260000800086260000900094170617s9999 xx 000 0 und d aKar-Ashutosh 0aPharmaceutical Analysis bCBS c2007